EPIC: The Musical - Luck Runs Out - Statistics

General Stats
  • This quiz has been taken 163 times
  • The average score is 208 of 385
Answer Stats
Hint Answer % Correct
Eurylochus Please
95%
me
93%
tell
93%
don't
92%
I
92%
you're
92%
do
91%
do
91%
think
91%
what
91%
about
89%
to
89%
you'll
89%
the
86%
heard
85%
Odysseus You've
85%
island
84%
in
82%
legends
82%
the
82%
the
82%
of
81%
sky
81%
true
80%
don't
78%
god
78%
home
78%
know
78%
of
78%
proves
78%
the
78%
the
78%
This
78%
wind
78%
for
77%
Odysseus How
77%
in
77%
many
77%
sure
77%
Eurylochus We
77%
We're
77%
before
76%
floating
76%
god
76%
have
76%
home
76%
is
76%
islands
76%
of
76%
seen
76%
the
76%
the
76%
This
76%
wind
76%
you
76%
a
73%
they're
73%
Eurylochus And
72%
and
72%
luck
72%
your
72%
ask
70%
for
70%
gonna
70%
hand
70%
how
70%
Odysseus I'm
70%
longer
70%
much
70%
out?
70%
plan?
70%
runs
70%
'til
70%
what's
70%
Eurylochus You
70%
your
70%
climb
69%
could
69%
'em
69%
How
69%
longer
69%
much
69%
the
69%
'til
69%
to
69%
top
69%
and
68%
be
68%
but
68%
caught
66%
guard
66%
off
66%
Eurylochus Yes
66%
come
65%
far
65%
life
65%
lose
65%
the
65%
this
65%
we've
65%
your
65%
and
64%
are
64%
die
64%
gods
64%
How
64%
Odysseus I
64%
I
64%
Eurylochus I
64%
it
64%
longer
64%
much
64%
on
64%
all
62%
another
62%
believe
62%
believe
62%
coming
62%
dangerous
62%
Don't
62%
don't
62%
end
62%
forget
62%
friend
62%
friend?
62%
from
62%
goes
62%
goodness
62%
Odysseus Have
62%
how
62%
in
62%
is
62%
just
62%
life
62%
my
62%
on
62%
see
62%
show
62%
south?
62%
still
62%
still
62%
that
62%
the
62%
this
62%
'til
62%
wanna
62%
Odysseus Where
62%
wit
62%
down?
61%
faith
61%
fall
61%
rely
61%
we
61%
we
61%
You
61%
your
61%
and
59%
how
59%
longer
59%
luck
59%
much
59%
out?
59%
people
59%
runs
59%
'til
59%
Odysseus And
58%
god
58%
How
58%
off
58%
Or
58%
piss
58%
this
58%
and
57%
be
57%
could
57%
from
57%
heart
57%
I
57%
I
57%
longer
57%
much
57%
the
57%
'til
57%
Eurylochus And
55%
brother
55%
Eurylochus Captain
55%
could
55%
kind
55%
Lead
55%
like
55%
never
55%
out?
55%
suddenly
55%
that
55%
us
55%
what
55%
with
55%
you
55%
You're
55%
apart?
54%
could
54%
do
54%
doubt
54%
figure
54%
it
54%
tears
54%
the
54%
the
54%
this
54%
us
54%
when
54%
without
54%
woah
54%
and
53%
do
53%
see
53%
we
53%
what
53%
will
53%
all
51%
die
51%
goes
51%
How
51%
How
51%
it
51%
longer
51%
longer
51%
much
51%
much
51%
on
51%
on
51%
show
51%
south?
51%
starts
51%
strife
51%
'til
51%
'til
51%
we
51%
wit
51%
You
51%
down?
50%
fall
50%
I
50%
people
50%
rely
50%
the
50%
can
49%
free?
49%
breaks
47%
How
47%
longer
47%
much
47%
snake
47%
'til
47%
brother
46%
but
46%
concern
46%
for
46%
Odysseus Thank
46%
the
46%
you
46%
you
46%
assure
45%
I
45%
I
45%
infuse
45%
Our
45%
woah
45%
and
42%
How
42%
is
42%
longer
42%
much
42%
'til
42%
almost
41%
die
41%
done
41%
it
41%
journey
41%
on
41%
on
41%
people
41%
that
41%
tired
41%
understand
41%
understand
41%
we're
41%
wit
41%
You
41%
your
41%
I
39%
rely
39%
that
39%
we're
39%
600
38%
and
38%
But
38%
great
38%
men
38%
took
38%
a
36%
case
36%
days
36%
died
36%
fazed
36%
In
36%
of
36%
one
36%
them
36%
there
36%
to
36%
war
36%
you
36%
your
36%
don't
35%
forget
35%
leave?
35%
needed
35%
not
35%
woah
35%
already
34%
faced
34%
how
34%
much
34%
reminder
34%
strength
34%
takes
34%
we've
34%
cease?
31%
I
31%
Eurylochus Okay
31%
to
31%
can't
30%
have
30%
I
30%
If
30%
in
30%
need
30%
talk
30%
to
30%
you
30%
of
28%
planting
28%
private
28%
you
28%
aside
27%
can't
27%
doubt
27%
have
27%
I
27%
let
27%
like
27%
me
27%
more
27%
pull
27%
seeds
27%
speak
27%
then
27%
to
27%
you
27%
you
27%
you'd
27%
Okay?
26%
Odysseus Thank
26%
you
26%
each
24%
I
24%
all
23%
always
23%
be
23%
die
23%
in
23%
need
23%
Or
23%
route
23%
this
23%
to
23%
we'll
23%
you
23%
and
22%
comply
22%
devout
22%
this
22%
with
22%
disagreeing
18%
No matching quizzes found
Score Distribution
Percent of People with Each Score
Percentile by Number Answered
Your Score History
You have not taken this quiz